[Event "POL-chT 1st League"]
[Site "Sypniewo"]
[Date "2022.09.10"]
[Round "8.7"]
[White "Borkowski, Stanislaw"]
[Black "Padalka, Artem"]
[Result "0-1"]
[WhiteElo "1633"]
[BlackElo "2184"]
[PlyCount "58"]
[EventDate "2022.09.03"]
[EventType "team-swiss"]
[EventRounds "9"]
[EventCountry "POL"]
[SourceTitle "CBM 210 Extra"]
[Source "ChessBase"]
[SourceDate "2022.11.30"]
[SourceVersion "1"]
[SourceVersionDate "2022.11.30"]
[SourceQuality "1"]
[WhiteTeam "Chrobry Gniezno"]
[BlackTeam "Chylice Laura"]
[WhiteTeamCountry "POL"]
[BlackTeamCountry "POL"]

1. e4 c5 2. Nf3 Nc6 3. d3 g6 4. g3 Bg7 5. Bg2 Nf6 6. 0-0 0-0 7. c3 d6 8. h3 e5 9. Bg5 Be6 10. c4 Qd7 11. Bxf6 Bxf6 12. Kh2 a6 13. a4 b5 14. axb5 axb5 15. Rxa8 Rxa8 16. b3 Ra1 17. Qe2 b4 18. Nbd2 Ra2 19. Rb1 Bg7 20. Qe1 Qa7 21. Nf1 Bh6 22. Kg1 Qa3 23. Qd1 Kg7 24. Ne3 Rb2 25. Nd2 Nd4 26. Rxb2 Qxb2 27. g4 Qc3 28. Bf1 Qxd2 29. Qxd2 Nf3+ 0-1

[Event "POL-chT 1st League"]
[Site "Sypniewo"]
[Date "2022.09.05"]
[Round "3.5"]
[White "Adamczewski, Maciej"]
[Black "Borkowski, Stanislaw"]
[Result "1-0"]
[WhiteElo "2028"]
[BlackElo "1633"]
[PlyCount "93"]
[EventDate "2022.09.03"]
[EventType "team-swiss"]
[EventRounds "9"]
[EventCountry "POL"]
[SourceTitle "CBM 210 Extra"]
[Source "ChessBase"]
[SourceDate "2022.11.30"]
[SourceVersion "1"]
[SourceVersionDate "2022.11.30"]
[SourceQuality "1"]
[WhiteTeam "Strzelce Opolskie Strzelec"]
[BlackTeam "Chrobry Gniezno"]
[WhiteTeamCountry "POL"]
[BlackTeamCountry "POL"]

1. d4 Nf6 2. c4 g6 3. Nc3 Bg7 4. e4 0-0 5. Nf3 d6 6. Be2 e5 7. 0-0 Nc6 8. d5 Ne7 9. a4 a5 10. Ne1 Nd7 11. Nd3 f5 12. f3 f4 13. Bd2 g5 14. b4 h5 15. Nb5 Ng6 16. c5 Nf6 17. Nf2 Rf7 18. cxd6 cxd6 19. bxa5 Bf8 20. Rc1 Rg7 21. Kh1 Nh4 22. Rg1 g4 23. g3 fxg3 24. Rxg3 gxf3 25. Rxg7+ Bxg7 26. Bxf3 Nxf3 27. Qxf3 Ng4 28. Nh3 Qh4 29. Be1 Qf6 30. Qxf6 Nxf6 31. Nf2 Bf8 32. Bb4 Bh6 33. Rg1+ Kh7 34. Nxd6 Be3 35. Rf1 Ng4 36. Nxg4 Bxg4 37. Nf5 Ba7 38. Ne7 Kg7 39. Kg2 h4 40. h3 Be2 41. Re1 Bd3 42. Kf3 Kh7 43. Bc3 Rf8+ 44. Nf5 Rc8 45. Bxe5 Rc2 46. Bd4 Rh2 47. d6 1-0